On This Day: November 13th Quiz Stats

 Plays Quiz Updated Nov 13, 2017

Score 0/7 Timer 03:00
0 Plays Today
Question Answer Wrong Answers
This Scottish novelist and poet, known for works like ‘Treasure Island’ and ‘Strange Case of Dr Jekyll and Mr Hyde’, is born.
1850
Robert Louis Stevenson
85.9%
Arthur Conan Doyle
6.6%
Jules Verne
3.8%
Rudyard Kipling
3.6%
This musical film by Walt Disney, the third Disney animated feature film, is first released.
1940
Fantasia
82.3%
Melody Time
3.4%
Make Mine Music
2.6%
The Three Caballeros
8.4%
A set of coordinated terror attacks occur in ______, including multiple shootings, explosions, and a hostage crisis in the 10th and 11th arrondissements.
2015
Paris
81.4%
London
9.5%
Berlin
3.1%
New York
1.8%
The ______ Veterans Memorial is dedicated in Washington, D.C., after a march to its site by thousands of veterans.
1982
Vietnam
80.8%
World War I
2%
World War II
6.5%
Korean War
6.8%
The Soviet Union completes development of this weapon, one of the first proper assault rifles.
1947
AK-47
79%
Uzi
11.4%
MAC-11
1.4%
MG 42
4.7%
This tunnel opens to traffic, the first Hudson River vehicle tunnel linking New Jersey to New York City.
1927
Holland Tunnel
67%
Brooklyn–Battery Tunnel
12.5%
Queens–Midtown Tunnel
7.7%
Liberty Tunnel
10%
The Denny Party lands at Alki Point, eventually moving to the other side of Elliott Bay in the region that would eventually become this Pacific Northwest city.
1851
Seattle
60.2%
Portland
10%
Vancouver
23.1%
Spokane
4.4%

You're not logged in!

Compare scores with friends on all Sporcle quizzes.
OR
Log In

Show Comments

Extras

Top Quizzes Today


Score Distribution

Your Account Isn't Verified!

In order to create a playlist on Sporcle, you need to verify the email address you used during registration. Go to your Sporcle Settings to finish the process.

Report this User

Report this user for behavior that violates our Community Guidelines.

Details: